LEADER 00975nam a2200241 a 4500 001 000000135935 003 CaOOAMICUS 005 20131023113915.0 008 131023s1969 it u000 u ita r 040 $aPUL$bita 100 1 $aVittorini, Elio,$d1908-1966.$0(OLS)http://pul/name/35470 245 13$aIl Sempione strizza l'occhio al Frejus :$bromanzo /$cElio Vittorini. 260 $aMilano :$bArnoldo Mondadori,$c1969. 300 $a147 p. ;$c21 cm 490 1 $aScrittori italiani e stranieri 830 0$aScrittori italiani e stranieri (A. Mondadori).$0(OLS)http://pul/title/76940 850 $aPUL 852 $aPUL$W1$xDP1 Fondo E. Rossi$y115$m2 A 315$j156762$qFondi$B156102$CPULBib$Z2$F156102 $82 941 1 $a1 961 $aSul dorso collocazione ms. di E. Rossi: I 221 996 $6245$aIl Sempione strizza l'occhio al Frejus :$bromanzo$9(OLS)http://pul/title/171851 996 $6260$aMilano :$bArnoldo Mondadori$9(OLS)http://pul/publisher/60431 LEADER 01197nam a2200277 a 4500 001 000000140194 003 CaOOAMICUS 005 20141024113616.0 008 141024s2011 vc u000 u ita r 020 $a978-88-209-8595-0 040 $aPUL$bita 082 04$a262.91 100 1 $aMalnati, Ettore,$d1945-$0(OLS)http://pul/name/37672 245 10$aMater et Magistra di Giovanni XXIII :$b50 anni dopo /$cEttore Malnati. 260 $aCittą del Vaticano :$bLibreria editrice vaticana,$c©2011. 300 $a92 p. ;$c19 cm 504 $aBibliografia in nota. 600 04$aIohannes PP.$bXXIII,$cs.,$d1881-1963$tMater et Magistra.$0(OLS)http://pul/subject/40842 850 $aPUL 852 $aPUL$W1$xSL Diritto Canonico 3$y77$m262. 91 MALET 1$j162017$qDDC 21$B161464$CPULBib$Z2$F161464 $H124821 $82 941 1 $a9 996 $6020$a978-88-209-8595-0 $9(OLS)http://pul/number/156190 996 $6082$a262.91$9(OLS)http://pul/classification/1668 996 $6245$aMater et Magistra di Giovanni XXIII :$b50 anni dopo$9(OLS)http://pul/title/177467 996 $6260$aCittą del Vaticano :$bLibreria editrice vaticana$9(OLS)http://pul/publisher/47920